Nom des membres de Twice - Statistiques

Statistiques générales
  • Ce quiz a été pris 354 fois
  • Le résultat moyen est 12 sur 18
Statistiques - réponses
Membres % Correct
. Nayeon
98%
. Mina
95%
. Sana
95%
. Momo
94%
. Jihyo
93%
. Tzuyu
90%
. Dahyun
89%
. Chaeyoung
84%
. Jeongyeon
82%
. Im Nayeon
59%
. Park Jihyo
51%
. Kim Dahyun
48%
. Chou Tzuyu
39%
. Yoo Jeongyeon
35%
. Son Chaeyoung
33%
. Momo Hirai
27%
. Sana Minatozaki
24%
. Mina Sharon Myoui
18%
Aucun quiz correspondant
Distribution des résultats
% des personnes avec chaque résultat
Percentile par nombre de réponses
Votre historique - résultats
Vous n’avez pas pris ce quiz